Women's health and wellness across the lifespan / (Record no. 20535)
[ view plain ]
| 000 -LEADER | |
|---|---|
| fixed length control field | 02419cam a22002895a 4500 |
| 001 - CONTROL NUMBER | |
| control field | 18221114 |
| 005 - DATE AND TIME OF LATEST TRANSACTION | |
| control field | 20151111140409.0 |
| 008 - FIXED-LENGTH DATA ELEMENTS--GENERAL INFORMATION | |
| fixed length control field | 140709t2015 paua frb 001 0 eng d |
| 020 ## - INTERNATIONAL STANDARD BOOK NUMBER | |
| International Standard Book Number | 1451192002 |
| 020 ## - INTERNATIONAL STANDARD BOOK NUMBER | |
| International Standard Book Number | 9781451192001 |
| 040 ## - CATALOGING SOURCE | |
| Original cataloging agency | DNLM/DLC |
| Transcribing agency | DLC |
| Modifying agency | EG-ScBUE |
| Language of cataloging | eng |
| 082 04 - DEWEY DECIMAL CLASSIFICATION NUMBER | |
| Classification number | 613.04244 |
| Edition number | 22 |
| Item number | WOM |
| 245 00 - TITLE STATEMENT | |
| Title | Women's health and wellness across the lifespan / |
| Statement of responsibility, etc | [edited by] Ellen F. Olshansky. |
| 260 ## - PUBLICATION, DISTRIBUTION, ETC. (IMPRINT) | |
| Place of publication, distribution, etc | Philadelphia : |
| Name of publisher, distributor, etc | Wolters Kluwer Heath, |
| Date of publication, distribution, etc | c.2015. |
| 300 ## - PHYSICAL DESCRIPTION | |
| Extent | xiv, 369 p. : |
| Other physical details | ill. ; |
| Dimensions | 23 cm. |
| 490 0# - SERIES STATEMENT | |
| Series statement | Nursing / women's health |
| 500 ## - GENERAL NOTE | |
| General note | Index : p. 355-369. |
| 504 ## - BIBLIOGRAPHY, ETC. NOTE | |
| Bibliography, etc | Includes bibliographical references. |
| 505 0# - FORMATTED CONTENTS NOTE | |
| Formatted contents note | Introduction : holistic, lifespan approach to women's wellness as guiding framework / Ellen F. Olshansky -- Women's health in the 21st century / Ellen F. Olshansky -- Women's health : evolution of the science and clinical specialty / Nancy Fugate Woods, Versie Johnson-Mallard, Elizabeth A. Kostas-Polson, Diana Taylor, Judith A. Berg, Joan L.F. Shaver, Ellen F. Olshansky -- Puberty through early adulthood / Ruth Mielke, Karla Parsons, Cynthia Smith Greenberg -- Women at midlife / Judith A. Berg, Diana Taylor, Nancy Fugate Woods -- Healthy aging for women / Heather M. Young, Barbara B. Cochrane -- Wellness for special populations of women / Ellen F. Olshansky, Robynn Zender -- Body composition : enhancing health through exercise and nutrition / Robynn Zender -- Oral health / Madeleine M. Lloyd, Julia Lange Kessler -- Resilience in women / Anastasia Fisher, Diane C. Hatton, Ellen F. Olshansky -- Self-care : healing energy and other complementary therapies / Susan Thrane, Stephanie Deible, Susan M. Cohen -- Women and herbal medicine / Mahtab Jafari, Gabriel Orenstein -- Pharmacologic approaches to wellness and disease prevention in women over the lifespan / Diana N. Krause -- Healing arts : movement in the form of pilates / Diane Diefenderfer -- Healing environments / Nancy Lieberman Neudorf -- Healing relationships / Robynn Zender, Ellen F. Olshansky -- Promoting healthy sleep / Joan L. F. Shaver -- Peaceful dying / JoAnn Reifsnyder. |
| 650 #0 - SUBJECT ADDED ENTRY--TOPICAL TERM | |
| Topical term or geographic name as entry element | Women |
| Source of heading or term | BUEsh |
| General subdivision | Health and hygiene |
| 9 (RLIN) | 5261 |
| 650 #0 - SUBJECT ADDED ENTRY--TOPICAL TERM | |
| Topical term or geographic name as entry element | Women |
| Source of heading or term | BUEsh |
| General subdivision | Diseases |
| 650 #0 - SUBJECT ADDED ENTRY--TOPICAL TERM | |
| Topical term or geographic name as entry element | Age factors in disease. |
| Source of heading or term | BUEsh |
| 9 (RLIN) | 33273 |
| 651 ## - SUBJECT ADDED ENTRY--GEOGRAPHIC NAME | |
| Source of heading or term | BUEsh |
| 653 ## - INDEX TERM--UNCONTROLLED | |
| Resource For college | Nursing |
| Arrived date list | August2015 |
| -- | November2015 |
| 700 1# - ADDED ENTRY--PERSONAL NAME | |
| Personal name | Olshansky, Ellen Frances, |
| Dates associated with a name | 1949- , |
| Relator term | editor. |
| 942 ## - ADDED ENTRY ELEMENTS (KOHA) | |
| Source of classification or shelving scheme | Dewey Decimal Classification |
| Call number prefix | 613.04244 WOM |
| Withdrawn status | Lost status | Source of classification or shelving scheme | Damaged status | Not for loan | Koha collection | Home library | Current library | Shelving location | Date acquired | Source of acquisition | Cost, normal purchase price | Serial Enumeration / chronology | Total Checkouts | Full call number | Barcode | Date last seen | Date last borrowed | Cost, replacement price | Koha item type |
|---|---|---|---|---|---|---|---|---|---|---|---|---|---|---|---|---|---|---|---|
| Dewey Decimal Classification | Baccah | Central Library | Central Library | First floor | 17/08/2015 | Purchase | 552.00 | 21764 | 2 | 613.04244 WOM | 000030686 | 15/07/2025 | 22/09/2019 | 690.00 | Book - Borrowing | ||||
| Dewey Decimal Classification | Baccah | Central Library | Central Library | First floor | 17/08/2015 | Purchase | 552.00 | 21764 | 613.04244 WOM | 000030782 | 15/07/2025 | 690.00 | Book - Borrowing |